Statistiques concernant Les films se déroulant dans un train

Cliquez ici pour prendre le quiz!

Statistiques générales

  • Ce quiz a été pris 162 fois
  • Le résultat moyen est 6 sur 16

Statistiques - réponses

Réponse% Correct
Harry Potter à l'école des sorciers
99%
Mission : Impossible
83%
Le Voyage de Chihiro
76%
Indiana Jones et le Cadran de la destinée
74%
Le Pôle express
58%
Le Crime de l'Orient-Express
45%
Bullet Train
44%
Dernier train pour Busan
41%
On a retrouvé la septième compagnie
36%
Snowpiercer : Le Transperceneige
32%
À bord du Darjeeling Limited
15%
La Fille du train
15%
La Bête humaine
9%
Bons Baisers de Russie
8%
The Passenger
7%
Le train sifflera trois fois
4%

Distribution des résultats

Percentile par nombre de réponses

% des personnes avec chaque résultat

Votre développement - résultats

Vous n’avez pas pris ce quiz